Etykietowanie zrównoważonych produktów w branży spożywczej, tekstylnej i odzieżowej: zalety i wyzwania

Z rozhodnutia Európskej komisie musia všetky ekoznačky prejsť nezávislým verifikačným procesom. Cieľom state je prezentovať výbez značiek používaných na potravinách, ktoré informujú spotrebiteľov o ich environmentálnom dopade. Predstavenie digitálnych pasov produktov pre textil a odevy.

Uložené v:
Podrobná bibliografia
Hlavný autor: Jarossová, Malgorzata Agnieszka, 1978-
Médium: Kapitola
Jazyk:Polish
Predmet:
Tagy: Pridať tag
Žiadne tagy, Buďte prvý, kto otaguje tento záznam!

MARC

LEADER 00000naa$a2200000$$$4500
001 0308733
005 20250523120334.5
041 0 |a pol 
044 |a PL 
245 1 0 |a Etykietowanie zrównoważonych produktów w branży spożywczej, tekstylnej i odzieżowej: zalety i wyzwania  |c Malgorzata Agnieszka Jarossová 
520 |a Z rozhodnutia Európskej komisie musia všetky ekoznačky prejsť nezávislým verifikačným procesom. Cieľom state je prezentovať výbez značiek používaných na potravinách, ktoré informujú spotrebiteľov o ich environmentálnom dopade. Predstavenie digitálnych pasov produktov pre textil a odevy. 
610 2 0 |a značky 
610 2 0 |a značky environmentálne 
610 2 0 |a priemysel textilný 
610 2 0 |a priemysel potravinársky 
100 1 |a Jarossová, Malgorzata Agnieszka, 1978-